[Event "13. Olimpiada por Equipos de Ajedrecist"]
[Site "Heraklio GRE"]
[Date "2008.10.23"]
[Round "5.4"]
[White "Vlach, Karel"]
[Black "Trkaljanov, Vladimir"]
[Result "1/2-1/2"]
[WhiteElo "1400"]
[BlackElo "2239"]
[PlyCount "60"]
[EventDate "2008.10.18"]
[EventType "team-"]
[EventRounds "9"]
[EventCountry "GRE"]
[Source "lmi"]
[SourceDate "2008.10.19"]

1. d4 Nf6 2. c4 c5 3. d5 e6 4. Nc3 exd5 5. cxd5 g6 6. e4 d6 7. h3 Bg7 8. Nf3
O-O 9. Bd3 b5 10. Nxb5 Re8 11. O-O Nxe4 12. Re1 Nf6 13. Bf4 Rxe1+ 14. Qxe1 Bf8
15. b4 cxb4 16. Qxb4 Na6 17. Qd2 Nc5 18. Nbd4 Bb7 19. Bc4 Rc8 20. Nb3 Nce4 21.
Qd3 Nc5 22. Nxc5 Rxc5 23. Be3 Ra5 24. Bd2 Rc5 25. Be3 Ra5 26. Bd2 Rc5 27. Be3
Rc7 28. Bb3 Qc8 29. Re1 Qa8 30. Rd1 Bg7 1/2-1/2

[Event "13. Olimpiada por Equipos de Ajedrecist"]
[Site "Heraklio GRE"]
[Date "2008.10.23"]
[Round "5.5"]
[White "Berginas, Sigitas"]
[Black "Ivchenko, Anatoly"]
[Result "0-1"]
[WhiteElo "1816"]
[BlackElo "2066"]
[PlyCount "46"]
[EventDate "2008.10.18"]
[EventType "team-"]
[EventRounds "9"]
[EventCountry "GRE"]
[Source "lmi"]
[SourceDate "2008.10.19"]

1. d4 d5 2. Nf3 Nf6 3. Bg5 Ne4 4. Bf4 c5 5. e3 Nc6 6. Nbd2 Bg4 7. Be2 Nxd2 8.
Qxd2 e6 9. c3 Bd6 10. Bg3 O-O 11. O-O-O a6 12. h3 Bxf3 13. Bxf3 cxd4 14. exd4
Bxg3 15. fxg3 b5 16. h4 Qb6 17. g4 a5 18. g5 b4 19. cxb4 axb4 20. Kb1 Qa7 21.
b3 Nxd4 22. Qxd4 Qxa2+ 23. Kc1 Rfc8+ 0-1

[Event "13. Olimpiada por Equipos de Ajedrecist"]
[Site "Heraklio GRE"]
[Date "2008.10.23"]
[Round "5.5"]
[White "Grigorchuk, Sergey"]
[Black "Grybas, Gintaras"]
[Result "1-0"]
[WhiteElo "2244"]
[BlackElo "2063"]
[PlyCount "61"]
[EventDate "2008.10.18"]
[EventType "team-"]
[EventRounds "9"]
[EventCountry "GRE"]
[Source "lmi"]
[SourceDate "2008.10.19"]

1. d4 Nf6 2. c4 e6 3. Nc3 Bb4 4. e3 Bxc3+ 5. bxc3 b6 6. Bd3 Bb7 7. f3 O-O 8.
Ne2 d6 9. O-O Nbd7 10. e4 c5 11. Ng3 Qc7 12. f4 e5 13. fxe5 dxe5 14. d5 Ne8 15.
Qg4 f6 16. Nf5 Kh8 17. Rf3 Rf7 18. Bd2 Nf8 19. h4 Bc8 20. Qg3 Ng6 21. Re1 Ne7
22. Ne3 Nd6 23. h5 Ba6 24. h6 g6 25. Ref1 Raf8 26. Ng4 Ng8 27. Nxe5 Re7 28. Nc6
Nxc4 29. Bf4 Qb7 30. Nxe7 Nxe7 31. Bg5 1-0

[Event "13. Olimpiada por Equipos de Ajedrecist"]
[Site "Heraklio GRE"]
[Date "2008.10.23"]
[Round "5.5"]
[White "Novikovas, Anatolijus"]
[Black "Wassin, Sergej"]
[Result "0-1"]
[WhiteElo "1901"]
[BlackElo "2325"]
[PlyCount "88"]
[EventDate "2008.10.18"]
[EventType "team-"]
[EventRounds "9"]
[EventCountry "GRE"]
[Source "lmi"]
[SourceDate "2008.10.19"]

1. e4 c5 2. c3 Nf6 3. e5 Nd5 4. Nf3 Nc6 5. d4 cxd4 6. cxd4 d6 7. Bc4 dxe5 8.
dxe5 Ndb4 9. Qb3 e6 10. O-O Bd7 11. a3 Na5 12. Qd1 Nxc4 13. axb4 Bc6 14. Qb3
Nb6 15. b5 Qd5 16. Qxd5 Bxd5 17. Be3 Nd7 18. Rc1 a5 19. bxa6 bxa6 20. Nbd2 Bb4
21. Bd4 Ke7 22. Rc7 Rhc8 23. Rac1 Rxc7 24. Rxc7 Ba5 25. Rc1 g5 26. h3 h5 27.
Ra1 Bb4 28. g4 hxg4 29. hxg4 Rh8 30. Bc3 Bxc3 31. bxc3 Nxe5 32. Kg2 Rc8 33. Ra3
f5 34. Kg3 f4+ 35. Kg2 Kf6 36. c4 Nxc4 37. Nxc4 Rxc4 38. Kf1 Bxf3 39. Rxf3 a5
40. Rd3 a4 41. f3 Rb4 42. Rd8 Rb3 43. Ke2 a3 44. Ra8 Ke5 0-1

[Event "13. Olimpiada por Equipos de Ajedrecist"]
[Site "Heraklio GRE"]
[Date "2008.10.23"]
[Round "5.5"]
[White "Zsiltzova-Lisenko, Lubov"]
[Black "Rutkauskas, Gediminas"]
[Result "1-0"]
[WhiteElo "2265"]
[BlackElo "2002"]
[PlyCount "75"]
[EventDate "2008.10.18"]
[EventType "team-"]
[EventRounds "9"]
[EventCountry "GRE"]
[Source "lmi"]
[SourceDate "2008.10.19"]

1. e4 e5 2. Nf3 Nc6 3. Bb5 a6 4. Bxc6 dxc6 5. O-O Qd6 6. d3 f6 7. a4 Be6 8. Be3
c5 9. Na3 Ne7 10. Nd2 Nc6 11. Nac4 Qd7 12. f4 Bg4 13. Nf3 Bd6 14. fxe5 fxe5 15.
Qd2 Bxf3 16. Rxf3 O-O-O 17. Qf2 Nd4 18. Rf7 Qg4 19. Bxd4 cxd4 20. h3 Qe6 21.
Rf1 Rhg8 22. Qh4 h6 23. Nxd6+ Qxd6 24. Qg4+ Kb8 25. Rxg7 Rxg7 26. Qxg7 Rd7 27.
Qf6 b5 28. axb5 axb5 29. Rf5 Qxf6 30. Rxf6 Rd6 31. Rxd6 cxd6 32. Kf2 Kc7 33.
Kf3 Kc6 34. Kg4 d5 35. exd5+ Kxd5 36. Kf5 e4 37. dxe4+ Kc4 38. e5 1-0

[Event "13. Olimpiada por Equipos de Ajedrecist"]
[Site "Heraklio GRE"]
[Date "2008.10.23"]
[Round "5.7"]
[White "Pirosca, Alexandru"]
[Black "Coset, Alexandr"]
[Result "1-0"]
[WhiteElo "2088"]
[BlackElo "2295"]
[PlyCount "82"]
[EventDate "2008.10.18"]
[EventType "team-"]
[EventRounds "9"]
[EventCountry "GRE"]
[Source "lmi"]
[SourceDate "2008.10.19"]

1. e4 c5 2. Nf3 e6 3. d4 cxd4 4. Nxd4 Nc6 5. Nxc6 bxc6 6. Bd3 Nf6 7. O-O d5 8.
e5 Nd7 9. f4 g6 10. Kh1 Bg7 11. Nd2 a5 12. Nf3 O-O 13. Be3 Ba6 14. Bxa6 Rxa6
15. Qd3 Ra8 16. c4 Qb8 17. Rab1 Qb7 18. Rfc1 Rfe8 19. h3 Bf8 20. Rc2 c5 21. Rd1
Nb6 22. b3 a4 23. Bc1 axb3 24. axb3 Be7 25. Kh2 Red8 26. Qc3 dxc4 27. Rxd8+
Rxd8 28. bxc4 Qe4 29. Qb3 Rd3 30. Qxb6 Rxf3 31. Qb2 Rf1 32. Qc3 Bh4 33. Be3 Be1
34. Qb3 Bb4 35. Rf2 Rxf2 36. Bxf2 Qxf4+ 37. Bg3 Qe4 38. Qd1 Kg7 39. Qd8 Qf5 40.
Qc7 h5 41. Qd8 Bc3 1-0

[Event "13. Olimpiada por Equipos de Ajedrecist"]
[Site "Heraklio GRE"]
[Date "2008.10.23"]
[Round "5.7"]
[White "Platon, Constantin"]
[Black "Nistor, Mihai"]
[Result "0-1"]
[WhiteElo "1400"]
[BlackElo "1954"]
[PlyCount "75"]
[EventDate "2008.10.18"]
[EventType "team-"]
[EventRounds "9"]
[EventCountry "GRE"]
[Source "lmi"]
[SourceDate "2008.10.19"]

1. d4 d5 2. c4 c6 3. Nc3 Nf6 4. e3 e6 5. Nf3 Bb4 6. Bd2 O-O 7. Bd3 Re8 8. O-O
Nbd7 9. Qc2 dxc4 10. Bxc4 Bd6 11. e4 e5 12. Qb3 Re7 13. dxe5 Nxe5 14. Nxe5 Bxe5
15. Rad1 Qc7 16. h3 Bxc3 17. Bxc3 Nxe4 18. Bb4 c5 19. Ba3 Be6 20. Bd5 Rae8 21.
Qc2 Bxd5 22. Rxd5 Qc6 23. Rh5 Qg6 24. Qd1 b6 25. Re1 Nf6 26. Rxe7 Rxe7 27. Rh4
Rd7 28. Qf3 h6 29. Kh2 Qg5 30. g3 Qe5 31. Rf4 Qe1 32. b4 Rd1 33. Qg2 Nd5 34.
Rf5 Qe6 35. Qf3 Rd2 36. bxc5 g6 37. Bc1 Rxf2+ 38. Qxf2 0-1

[Event "13. Olimpiada por Equipos de Ajedrecist"]
[Site "Heraklio GRE"]
[Date "2008.10.23"]
[Round "5.8"]
[White "Berggren, Marcus"]
[Black "Blagojevic, Savo"]
[Result "1-0"]
[WhiteElo "1875"]
[BlackElo "1400"]
[PlyCount "67"]
[EventDate "2008.10.18"]
[EventType "team-"]
[EventRounds "9"]
[EventCountry "GRE"]
[Source "lmi"]
[SourceDate "2008.10.19"]

1. c4 c5 2. g3 g6 3. e4 e5 4. Bg2 Bg7 5. Nc3 Nf6 6. d3 d6 7. Nge2 O-O 8. O-O
Nc6 9. h3 h6 10. Be3 a6 11. Qd2 Kh7 12. f4 Nd4 13. g4 Nxe2+ 14. Nxe2 exf4 15.
Bxf4 g5 16. Be3 Qe7 17. Ng3 Bxg4 18. Bxg5 Qe5 19. Bxf6 Bxf6 20. Rxf6 Qxf6 21.
hxg4 Qd4+ 22. Kh1 Qg7 23. Nf5 Qg6 24. e5 Qg5 25. Qxg5 hxg5 26. Nxd6 Ra7 27.
Be4+ Kg7 28. Kg2 b6 29. Rh1 Rh8 30. Rxh8 Kxh8 31. Bb7 Kg7 32. Kf3 Kf8 33. Ke4
Ke7 34. Nc8+ 1-0

[Event "13. Olimpiada por Equipos de Ajedrecist"]
[Site "Heraklio GRE"]
[Date "2008.10.23"]
[Round "5.8"]
[White "Damjanovic, Radovan"]
[Black "Berggren, Patrik"]
[Result "0-1"]
[WhiteElo "1400"]
[BlackElo "1925"]
[PlyCount "44"]
[EventDate "2008.10.18"]
[EventType "team-"]
[EventRounds "9"]
[EventCountry "GRE"]
[Source "lmi"]
[SourceDate "2008.10.19"]

1. e4 c5 2. Nf3 d6 3. d4 cxd4 4. Nxd4 Nf6 5. Nc3 g6 6. Bc4 Bg7 7. Be3 Nc6 8. f3
Bd7 9. Qd2 O-O 10. O-O-O Rb8 11. g4 Na5 12. Be2 b5 13. Ndxb5 a6 14. Nd4 Qb6 15.
Nb3 Nxb3+ 16. axb3 Qb7 17. Nd5 Nxd5 18. exd5 Rfc8 19. Kb1 a5 20. Qxa5 Rxc2 21.
Rd2 Bc3 22. b4 Rxd2 0-1

[Event "13. Olimpiada por Equipos de Ajedrecist"]
[Site "Heraklio GRE"]
[Date "2008.10.23"]
[Round "5.8"]
[White "Thomsson, Hakan"]
[Black "Krstajic, Nedjeljko"]
[Result "1-0"]
[WhiteElo "1400"]
[BlackElo "1400"]
[PlyCount "35"]
[EventDate "2008.10.18"]
[EventType "team-"]
[EventRounds "9"]
[EventCountry "GRE"]
[Source "lmi"]
[SourceDate "2008.10.19"]

1. d4 d5 2. Nf3 e6 3. Bf4 Nc6 4. e3 Nf6 5. c3 Be7 6. Nbd2 O-O 7. Bd3 Bd7 8. Ne5
h6 9. g4 Nh7 10. Qc2 f5 11. O-O-O Nxe5 12. dxe5 a5 13. Nf1 Bh4 14. gxf5 exf5
15. Ng3 Bxg3 16. Bxg3 Ng5 17. f4 Nf3 18. Qe2 1-0

[Event "13. Olimpiada por Equipos de Ajedrecist"]
[Site "Heraklio GRE"]
[Date "2008.10.23"]
[Round "5.9"]
[White "Novak, Ivan"]
[Black "Pulvett, Daniel"]
[Result "1-0"]
[WhiteElo "2265"]
[BlackElo "2207"]
[PlyCount "65"]
[EventDate "2008.10.18"]
[EventType "team-"]
[EventRounds "9"]
[EventCountry "GRE"]
[Source "lmi"]
[SourceDate "2008.10.19"]

1. e4 c5 2. c3 Nf6 3. e5 Nd5 4. Nf3 e6 5. Bc4 Nb6 6. Bb3 c4 7. Bc2 d6 8. d4
cxd3 9. Qxd3 Nc6 10. Bf4 Nd5 11. Bg3 Qb6 12. Bb3 dxe5 13. Nxe5 Nxe5 14. Bxe5
Bd7 15. O-O Bc6 16. c4 Nb4 17. Qd2 Rd8 18. Qe2 Nd3 19. Nc3 Nxe5 20. Qxe5 Qc5
21. Qg3 Bd6 22. Qxg7 Be5 23. Qh6 Rg8 24. Nd5 exd5 25. cxd5 Bxd5 26. Bxd5 Qxd5
27. g3 Rd6 28. Qe3 Qd4 29. Qf3 Kf8 30. Rae1 Rgg6 31. Qxb7 Bxg3 32. hxg3 Rxg3+
33. Kh2 1-0

[Event "13. Olimpiada por Equipos de Ajedrecist"]
[Site "Heraklio GRE"]
[Date "2008.10.23"]
[Round "5.10"]
[White "Cajzler, Hinko"]
[Black "Fratini, Mauro"]
[Result "1-0"]
[WhiteElo "2171"]
[BlackElo "1940"]
[PlyCount "99"]
[EventDate "2008.10.18"]
[EventType "team-"]
[EventRounds "9"]
[EventCountry "GRE"]
[Source "lmi"]
[SourceDate "2008.10.19"]

1. e4 Nf6 2. e5 Nd5 3. d4 d6 4. Nf3 dxe5 5. dxe5 Bg4 6. Be2 e6 7. O-O Nc6 8.
Re1 a6 9. h3 Bf5 10. a3 h6 11. Bd3 Bxd3 12. Qxd3 Nde7 13. Qe2 Ng6 14. c4 Be7
15. b4 O-O 16. Rd1 Qc8 17. Bb2 Na7 18. Nc3 f5 19. exf6 Bxf6 20. Qe4 Ne7 21. Re1
Nac6 22. Qxe6+ Qxe6 23. Rxe6 Rad8 24. Na4 Bxb2 25. Nxb2 Nf5 26. Rae1 Rd7 27.
Na4 Nfd4 28. Nxd4 Nxd4 29. Re7 Rxe7 30. Rxe7 b5 31. cxb5 axb5 32. Nc5 c6 33.
Rd7 Ne2+ 34. Kf1 Ng3+ 35. Ke1 Re8+ 36. Kd1 Ne4 37. Nxe4 Rxe4 38. Rc7 Rc4 39.
Kd2 Kh7 40. g3 Kg6 41. Kd3 Kf6 42. Kd2 g6 43. Kd3 h5 44. a4 Rxb4 45. Rxc6+ Kf7
46. a5 Rb1 47. a6 b4 48. a7 Ra1 49. Rc7+ Ke6 50. Kc4 1-0

[Event "13. Olimpiada por Equipos de Ajedrecist"]
[Site "Heraklio GRE"]
[Date "2008.10.23"]
[Round "5.10"]
[White "Gasperoni, Claudio"]
[Black "Marendic, Vlatko"]
[Result "0-1"]
[WhiteElo "1818"]
[BlackElo "2089"]
[PlyCount "74"]
[EventDate "2008.10.18"]
[EventType "team-"]
[EventRounds "9"]
[EventCountry "GRE"]
[Source "lmi"]
[SourceDate "2008.10.19"]

1. d4 f5 2. g3 Nf6 3. Bg2 g6 4. Nh3 c6 5. c4 d6 6. d5 e5 7. dxe6 Bxe6 8. Qc2
Na6 9. Ng5 Qe7 10. Nxe6 Qxe6 11. Be3 Bg7 12. Nc3 Qxc4 13. Rd1 Qe6 14. Nb5 O-O
15. Nxd6 Nb4 16. Qc4 Qxc4 17. Nxc4 b5 18. Na3 Nfd5 19. Bc5 Rfd8 20. O-O a6 21.
Nb1 Nxa2 22. Bxd5+ Rxd5 23. Rxd5 cxd5 24. b4 a5 25. bxa5 b4 26. Nd2 Rxa5 27.
Nb3 Ra3 28. Rb1 Nc3 29. Rb2 Na4 30. Rb1 Nxc5 31. Nxc5 Ra1 32. Rxa1 Bxa1 33. Nb3
Bc3 34. e3 Kf7 35. Kf1 Ke7 36. Ke2 Kd6 37. Kd3 Kc6 0-1

[Event "13. Olimpiada por Equipos de Ajedrecist"]
[Site "Heraklio GRE"]
[Date "2008.10.23"]
[Round "5.11"]
[White "Bagyatkar, Madan"]
[Black "Wikman, Bengt"]
[Result "1-0"]
[WhiteElo "1910"]
[BlackElo "1943"]
[PlyCount "69"]
[EventDate "2008.10.18"]
[EventType "team-"]
[EventRounds "9"]
[EventCountry "GRE"]
[Source "lmi"]
[SourceDate "2008.10.19"]

1. e4 c5 2. Nf3 Nc6 3. d4 cxd4 4. Nxd4 Nf6 5. Nc3 e5 6. Ndb5 d6 7. Bg5 Be7 8.
Bxf6 gxf6 9. Nd5 O-O 10. Nxe7+ Qxe7 11. Qxd6 Qxd6 12. Nxd6 Rd8 13. Nxc8 Raxc8
14. c3 a6 15. Be2 Rd6 16. Rd1 Rcd8 17. b3 b5 18. h4 b4 19. Rh3 bxc3 20. Rxd6
Rxd6 21. Rxc3 Nd4 22. Rc8+ Kg7 23. Bc4 Kg6 24. Rg8+ Kh5 25. Rg7 h6 26. Rxf7
Kxh4 27. Ra7 Nc2+ 28. Ke2 Nd4+ 29. Kf1 Nc2 30. Rxa6 Rd4 31. Rxf6 Rxe4 32. g3+
Kg5 33. Rf8 Re1+ 34. Kg2 h5 35. a4 1-0

[Event "13. Olimpiada por Equipos de Ajedrecist"]
[Site "Heraklio GRE"]
[Date "2008.10.23"]
[Round "5.11"]
[White "Krishna, Udupa"]
[Black "Ruohonen, Teemu"]
[Result "1-0"]
[WhiteElo "2024"]
[BlackElo "1400"]
[PlyCount "75"]
[EventDate "2008.10.18"]
[EventType "team-"]
[EventRounds "9"]
[EventCountry "GRE"]
[Source "lmi"]
[SourceDate "2008.10.19"]

1. e4 e5 2. Nf3 Nc6 3. Bb5 a6 4. Ba4 Bc5 5. c3 d6 6. O-O Bd7 7. d4 exd4 8. cxd4
Bb6 9. Nc3 Nge7 10. d5 Ne5 11. Nxe5 dxe5 12. Bb3 O-O 13. Bg5 Qe8 14. d6 cxd6
15. Qxd6 Nc6 16. Nd5 Bd8 17. Be3 Rc8 18. Bc5 Be6 19. Qxf8+ Qxf8 20. Bxf8 Kxf8
21. Rac1 Bg5 22. Rc3 Rd8 23. f4 exf4 24. Nxf4 Bxb3 25. Rxb3 Nd4 26. Re3 Ke7 27.
g3 Bf6 28. Nd5+ Ke6 29. Nxf6 gxf6 30. Kg2 Nc2 31. Ref3 Rd2+ 32. Kh3 Nd4 33.
Rxf6+ Ke5 34. Rxf7 Kxe4 35. Rd7 Ke3 36. Rf4 Ne2 37. Rxd2 Nxf4+ 38. gxf4 1-0

[Event "13. Olimpiada por Equipos de Ajedrecist"]
[Site "Heraklio GRE"]
[Date "2008.10.23"]
[Round "5.12"]
[White "Dalle, Natasha"]
[Black "Couwenberg, Pieter"]
[Result "0-1"]
[WhiteElo "1400"]
[BlackElo "1400"]
[PlyCount "58"]
[EventDate "2008.10.18"]
[EventType "team-"]
[EventRounds "9"]
[EventCountry "GRE"]
[Source "lmi"]
[SourceDate "2008.10.19"]

1. d4 Nf6 2. c4 d5 3. b3 c6 4. Nc3 Bf5 5. Bf4 e6 6. f3 Bb4 7. Qd2 Qa5 8. Rc1
Nbd7 9. e3 O-O 10. Nge2 Rfe8 11. Ng3 Bg6 12. Be2 e5 13. dxe5 Nxe5 14. Bxe5 Rxe5
15. O-O Rae8 16. f4 Rxe3 17. Rf3 d4 18. Qxd4 Rxf3 19. gxf3 Bc5 20. Qxc5 Qxc5+
21. Kg2 Qe3 22. Nce4 Nxe4 23. fxe4 Bxe4+ 24. Nxe4 Qxe4+ 25. Bf3 Qxf4 26. Rd1 g5
27. h3 Re3 28. Rf1 h5 29. Bxh5 Qg3+ 0-1

[Event "13. Olimpiada por Equipos de Ajedrecist"]
[Site "Heraklio GRE"]
[Date "2008.10.23"]
[Round "5.12"]
[White "Snoek, Ron"]
[Black "Van Gysel, Marc"]
[Result "1/2-1/2"]
[WhiteElo "1400"]
[BlackElo "1400"]
[PlyCount "92"]
[EventDate "2008.10.18"]
[EventType "team-"]
[EventRounds "9"]
[EventCountry "GRE"]
[Source "lmi"]
[SourceDate "2008.10.19"]

1. e4 e6 2. d4 d5 3. e5 c5 4. c3 Nc6 5. Be3 Qb6 6. Qd2 cxd4 7. cxd4 Nge7 8. Nf3
Nf5 9. Be2 Nxe3 10. fxe3 Be7 11. O-O Bd7 12. Nc3 O-O-O 13. Rac1 a6 14. a3 Kb8
15. Na4 Qa5 16. Nc5 Qxd2 17. Nxd2 Be8 18. b4 Rc8 19. b5 axb5 20. Bxb5 Nxe5 21.
Bxe8 Rhxe8 22. Ndb3 Nc4 23. Rxf7 Bxc5 24. Nxc5 Rc7 25. Rxc7 Kxc7 26. Rb1 b6 27.
Nd3 Nxe3 28. Ne5 Nf5 29. Rc1+ Kb7 30. Rd1 Rc8 31. g4 Ne3 32. Rd3 Rc1+ 33. Kf2
Nc4 34. Nf7 Kc7 35. Ng5 Rc2+ 36. Kg3 Kd6 37. Nxh7 Ra2 38. Kh4 Rxh2+ 39. Rh3 Rd2
40. Ng5 Rxd4 41. Rf3 Ne5 42. Nf7+ Nxf7 43. Rxf7 Ra4 44. Rxg7 Rxa3 45. g5 Ke5
46. Rb7 d4 1/2-1/2

[Event "13. Olimpiada por Equipos de Ajedrecist"]
[Site "Heraklio GRE"]
[Date "2008.10.23"]
[Round "5.13"]
[White "Almadi, Balazs"]
[Black "Pereira do Couto, Januario"]
[Result "1-0"]
[WhiteElo "1400"]
[BlackElo "1400"]
[PlyCount "31"]
[EventDate "2008.10.18"]
[EventType "team-"]
[EventRounds "9"]
[EventCountry "GRE"]
[Source "lmi"]
[SourceDate "2008.10.19"]

1. d4 Nf6 2. c4 g6 3. Nc3 Bg7 4. e4 d6 5. f4 Bg4 6. Be2 Bxe2 7. Qxe2 Nc6 8. Nf3
O-O 9. O-O Re8 10. d5 Nb8 11. e5 dxe5 12. fxe5 Nfd7 13. e6 fxe6 14. Qxe6+ Kh8
15. Ng5 Rf8 16. Nf7+ 1-0

[Event "13. Olimpiada por Equipos de Ajedrecist"]
[Site "Heraklio GRE"]
[Date "2008.10.26"]
[Round "5.13"]
[White "Novak, Ivan"]
[Black "Martins, Androildo"]
[Result "1-0"]
[WhiteElo "2265"]
[BlackElo "1400"]
[PlyCount "53"]
[EventDate "2008.10.18"]
[EventType "team-"]
[EventRounds "9"]
[EventCountry "GRE"]
[Source "lmi"]
[SourceDate "2008.10.19"]

1. e4 c5 2. c3 Nc6 3. d4 cxd4 4. cxd4 d5 5. exd5 Qxd5 6. Nf3 Nf6 7. Nc3 Qa5 8.
d5 Nb4 9. Bc4 Bf5 10. O-O Nc2 11. Bb5+ Nd7 12. Nh4 Nxa1 13. Nxf5 g6 14. Bxd7+
Kxd7 15. Nd4 Bg7 16. Be3 Rhd8 17. Qxa1 Ke8 18. Qd1 Qb4 19. Qd2 a6 20. Ra1 Rac8
21. h4 Rc4 22. a3 Qa5 23. Qe2 Qc7 24. Bf4 e5 25. dxe6 Qc5 26. exf7+ Kxf7 27.
Ne6 1-0

[Event "13. Olimpiada por Equipos de Ajedrecist"]
[Site "Heraklio GRE"]
[Date "2008.10.23"]
[Round "5.16"]
[White "Aksu, Mumin"]
[Black "Suess, Bernhard"]
[Result "1-0"]
[WhiteElo "1400"]
[BlackElo "1400"]
[PlyCount "35"]
[EventDate "2008.10.18"]
[EventType "team-"]
[EventRounds "9"]
[EventCountry "GRE"]
[Source "lmi"]
[SourceDate "2008.10.19"]

1. e4 d5 2. e5 e6 3. d4 c5 4. c3 Nc6 5. Nf3 h6 6. Bd3 Qb6 7. O-O Bd7 8. dxc5
Bxc5 9. b4 Be7 10. Nbd2 Bd8 11. Bb2 Nge7 12. a4 O-O 13. Re1 a6 14. Nb3 Ng6 15.
Nc5 Qc7 16. Qc2 Ngxe5 17. Nxe5 Nxe5 18. Rxe5 1-0

[Event "13. Olimpiada por Equipos de Ajedrecist"]
[Site "Heraklio GRE"]
[Date "2008.10.25"]
[Round "6.1"]
[White "Krylov, Sergey"]
[Black "Zoltek, Tadeusz"]
[Result "1-0"]
[WhiteElo "2388"]
[BlackElo "2227"]
[PlyCount "77"]
[EventDate "2008.10.18"]
[EventType "team-"]
[EventRounds "9"]
[EventCountry "GRE"]
[Source "lmi"]
[SourceDate "2008.10.19"]

1. e4 d5 2. exd5 Nf6 3. d4 Nxd5 4. c4 Nf6 5. Nf3 g6 6. Nc3 Bg7 7. Be2 O-O 8.
O-O Nbd7 9. Bf4 c6 10. Qd2 Re8 11. h3 a6 12. Rad1 b5 13. d5 b4 14. dxc6 bxc3
15. bxc3 Qa5 16. cxd7 Bxd7 17. Qe3 Ba4 18. Rd2 Red8 19. Rxd8+ Rxd8 20. Nd4 e6
21. Nb3 Bxb3 22. axb3 Qa2 23. Qb6 Re8 24. Bf3 e5 25. Bc6 Rf8 26. Bg5 h6 27. Be3
Qc2 28. Rc1 Qb2 29. b4 Nh5 30. g3 f5 31. Rd1 f4 32. Bc5 fxg3 33. Bxf8 Nf4 34.
Bxg7 gxf2+ 35. Kh1 Kxg7 36. Rd7+ Kf6 37. Qd8+ Ke6 38. Rd6+ Kf5 39. Qf6# 1-0

[Event "13. Olimpiada por Equipos de Ajedrecist"]
[Site "Heraklio GRE"]
[Date "2008.10.25"]
[Round "6.2"]
[White "Armstrong, William G"]
[Black "Lindenmair, Anton"]
[Result "1/2-1/2"]
[WhiteElo "1964"]
[BlackElo "2121"]
[PlyCount "51"]
[EventDate "2008.10.18"]
[EventType "team-"]
[EventRounds "9"]
[EventCountry "GRE"]
[Source "lmi"]
[SourceDate "2008.10.19"]

1. d4 Nf6 2. Nf3 g6 3. Nc3 d5 4. Bf4 Bg7 5. e3 O-O 6. Be2 c5 7. Ne5 cxd4 8.
exd4 Nc6 9. Nxc6 bxc6 10. Be5 Ne8 11. Bxg7 Nxg7 12. O-O Ne6 13. Na4 Qa5 14. c3
Ba6 15. Bxa6 Qxa6 16. Re1 Rfe8 17. b3 Qc8 18. Rc1 Qc7 19. Qd2 Rad8 20. Re5 Ng7
21. Nc5 f6 22. Ne6 Nxe6 23. Rxe6 Rd6 24. Rce1 Rxe6 25. Rxe6 Kf7 26. Re1 1/2-1/2

[Event "13. Olimpiada por Equipos de Ajedrecist"]
[Site "Heraklio GRE"]
[Date "2008.10.25"]
[Round "6.2"]
[White "Mueller, Oliver"]
[Black "Crouch, Colin S"]
[Result "1-0"]
[WhiteElo "2292"]
[BlackElo "2359"]
[PlyCount "77"]
[EventDate "2008.10.18"]
[EventType "team-"]
[EventRounds "9"]
[EventCountry "GRE"]
[Source "lmi"]
[SourceDate "2008.10.19"]

1. d4 Nf6 2. c4 e6 3. Nc3 Bb4 4. a3 Bxc3+ 5. bxc3 d5 6. e3 O-O 7. cxd5 exd5 8.
Bd3 c5 9. Ne2 Nc6 10. O-O b6 11. f3 Bb7 12. Ng3 Qc7 13. Kh1 Rad8 14. Ra2 Rfe8
15. Re2 Bc8 16. Qe1 Ne7 17. Qf2 Ng6 18. h3 cxd4 19. cxd4 Qc3 20. Bb5 Bd7 21.
Rc2 Qa5 22. Bd3 Bb5 23. Bxb5 Qxb5 24. e4 Rc8 25. Rxc8 Rxc8 26. e5 Ne8 27. f4
Nh4 28. f5 Rc3 29. Bg5 Rxg3 30. Bxh4 Rc3 31. Re1 Qd3 32. Qf4 Rc8 33. Qg4 Qxa3
34. Kh2 b5 35. f6 Qc3 36. e6 Qc7+ 37. Bg3 Nxf6 38. exf7+ Kf8 39. Qe6 1-0

[Event "13. Olimpiada por Equipos de Ajedrecist"]
[Site "Heraklio GRE"]
[Date "2008.10.25"]
[Round "6.2"]
[White "Schellmann, Frank"]
[Black "Lilley, Graham"]
[Result "1/2-1/2"]
[WhiteElo "2144"]
[BlackElo "2155"]
[PlyCount "50"]
[EventDate "2008.10.18"]
[EventType "team-"]
[EventRounds "9"]
[EventCountry "GRE"]
[Source "lmi"]
[SourceDate "2008.10.19"]

1. e4 g6 2. d4 Bg7 3. Nc3 d6 4. f4 Nf6 5. Nf3 O-O 6. Bd3 Na6 7. O-O c5 8. d5
Bg4 9. Bc4 Nc7 10. h3 Bxf3 11. Qxf3 e6 12. a4 exd5 13. exd5 b6 14. Bd2 a6 15.
Qd3 Qb8 16. Be1 b5 17. axb5 axb5 18. Rxa8 Qxa8 19. Bxb5 Ncxd5 20. Nxd5 Qxd5 21.
b3 Qxd3 22. Bxd3 Nd5 23. Bd2 Re8 24. g3 Nb4 25. Bxb4 cxb4 1/2-1/2

[Event "13. Olimpiada por Equipos de Ajedrecist"]
[Site "Heraklio GRE"]
[Date "2008.10.25"]
[Round "6.3"]
[White "Ivchenko, Anatoly"]
[Black "Sereda, Josef"]
[Result "1-0"]
[WhiteElo "2066"]
[BlackElo "1400"]
[PlyCount "59"]
[EventDate "2008.10.18"]
[EventType "team-"]
[EventRounds "9"]
[EventCountry "GRE"]
[Source "lmi"]
[SourceDate "2008.10.19"]

1. d4 d5 2. c4 e6 3. Nc3 Nf6 4. Bg5 Be7 5. e3 Nbd7 6. Nf3 a6 7. a4 h6 8. Bh4
O-O 9. Bd3 c5 10. O-O cxd4 11. exd4 dxc4 12. Bxc4 Nb6 13. Ba2 Nfd5 14. Bxe7
Qxe7 15. a5 Nxc3 16. bxc3 Nd5 17. Qd2 b5 18. axb6 Nxb6 19. Rfe1 Bb7 20. Ne5
Rae8 21. Ng6 Qd7 22. Nxf8 Kxf8 23. f3 Nd5 24. c4 Ne7 25. Red1 Qc7 26. Rab1 Bc6
27. Qf2 Rd8 28. Qe3 Ba4 29. Bb3 Nf5 30. Qe5 1-0

[Event "13. Olimpiada por Equipos de Ajedrecist"]
[Site "Heraklio GRE"]
[Date "2008.10.25"]
[Round "6.3"]
[White "Kalik, Jan"]
[Black "Zsiltzova-Lisenko, Lubov"]
[Result "0-1"]
[WhiteElo "2022"]
[BlackElo "2265"]
[PlyCount "58"]
[EventDate "2008.10.18"]
[EventType "team-"]
[EventRounds "9"]
[EventCountry "GRE"]
[Source "lmi"]
[SourceDate "2008.10.19"]

1. e4 c5 2. Nf3 Nc6 3. d4 cxd4 4. Nxd4 Qb6 5. Nb3 Nf6 6. Be3 Qb4+ 7. N1d2 Nxe4
8. c3 Qa4 9. Bd3 Nxd2 10. Qxd2 d6 11. Qe2 a6 12. f4 g6 13. O-O Bg7 14. f5 Ne5
15. Rf4 Qd7 16. Raf1 g5 17. R4f2 Bf6 18. Bc2 Qc7 19. Qh5 h6 20. Nd4 Nc4 21. Ne6
Bxe6 22. fxe6 O-O-O 23. Qh3 g4 24. Qg3 fxe6 25. Bd4 e5 26. Ba7 b6 27. Qxg4+ Kb7
28. Bd3 d5 29. b3 Nd6 0-1